| 000 -LEADER |
| fixed length control field |
02850cam a2200361 i 4500 |
| 001 - CONTROL NUMBER |
| control field |
17885701 |
| 003 - CONTROL NUMBER IDENTIFIER |
| control field |
Nust- CAS-E |
| 005 - DATE AND TIME OF LATEST TRANSACTION |
| control field |
20180118181405.0 |
| 008 - FIXED-LENGTH DATA ELEMENTS--GENERAL INFORMATION |
| fixed length control field |
130913s2014 enka b 001 0 eng |
| 010 ## - LIBRARY OF CONGRESS CONTROL NUMBER |
| LC control number |
2013037202 |
| 020 ## - INTERNATIONAL STANDARD BOOK NUMBER |
| International Standard Book Number |
9780470065518 (hardback) |
| 020 ## - INTERNATIONAL STANDARD BOOK NUMBER |
| International Standard Book Number |
0470065516 (hardback) |
| 040 ## - CATALOGING SOURCE |
| Original cataloging agency |
DLC |
| Language of cataloging |
eng |
| Transcribing agency |
DLC |
| Description conventions |
rda |
| Modifying agency |
DLC |
| 042 ## - AUTHENTICATION CODE |
| Authentication code |
pcc |
| 050 00 - LIBRARY OF CONGRESS CALL NUMBER |
| Classification number |
TK8322 |
| Item number |
.S65 2014 |
| 082 00 - DEWEY DECIMAL CLASSIFICATION NUMBER |
| Classification number |
621.3815/42 |
| Edition number |
23 |
| Author Mark |
SOL 2014 C1 |
| 084 ## - OTHER CLASSIFICATION NUMBER |
| Classification number |
TEC021000 |
| Number source |
bisacsh |
| 245 00 - TITLE STATEMENT |
| Title |
Solar cell materials : |
| Remainder of title |
developing technologies / |
| Statement of responsibility, etc. |
edited by Gavin Conibeer, School of Photovoltaic and Renewable Energy Engineering, University of New South Wales, Australia, Arthur Willoughby, Emeritus Professor, Engineering Materials Research Group, Faculty of Engineering and the Environment, Southampton University, UK. |
| 300 ## - PHYSICAL DESCRIPTION |
| Extent |
xi, 325 pages : |
| Other physical details |
illustrations ; |
| Dimensions |
26 cm. |
| 490 0# - SERIES STATEMENT |
| Series statement |
Wiley series in materials for electronic and optoelectronic applications |
| 502 0# - DISSERTATION NOTE |
| Dissertation note |
0 |
| 520 ## - SUMMARY, ETC. |
| Summary, etc. |
"This book presents a comparison of solar cell materials, including both new materials based on organics, nanostructures and novel inorganics and developments in more traditional photovoltaic materials. Introductory chapters cover physical characterisation and fundamental physical limits including the importance of characterization in assessing semiconductor and PV properties with particular emphasis on new techniques or new applications. Later chapters discuss developments in current technologies such as bulk crystalline solid-state semiconductor materials, and emerging materials and approaches such as amorphous and microcrystalline silicon solar cells. Finally, the book surveys the materials and materials trends in the field including third generation solar cells (multiple energy level cells, thermal approaches and the modification of the solar spectrum) with an eye firmly on low costs, energy efficiency and the use of abundant non-toxic materials"-- |
| 520 ## - SUMMARY, ETC. |
| Summary, etc. |
"This book presents a comparison of solar cell materials, including both new materials based on organics, nanostructures and novel inorganics and developments in more traditional photovoltaic materials"-- |
| 650 #0 - SUBJECT ADDED ENTRY--TOPICAL TERM |
| Topical term or geographic name entry element |
Photovoltaic cells |
| General subdivision |
Materials. |
| 650 #7 - SUBJECT ADDED ENTRY--TOPICAL TERM |
| Topical term or geographic name entry element |
TECHNOLOGY & ENGINEERING / Material Science. |
| Source of heading or term |
bisacsh |
| 700 1# - ADDED ENTRY--PERSONAL NAME |
| Personal name |
Conibeer, Gavin, |
| Relator term |
editor. |
| 700 1# - ADDED ENTRY--PERSONAL NAME |
| Personal name |
Willoughby, Arthur, |
| Relator term |
editor. |
| 776 08 - ADDITIONAL PHYSICAL FORM ENTRY |
| Relationship information |
Online version: |
| Title |
Photovoltaic materials |
| Place, publisher, and date of publication |
Chichester, West Sussex, United Kingdom : Wiley, 2014 |
| International Standard Book Number |
9781118695814 |
| Record control number |
(DLC) 2013038585 |
| 856 42 - ELECTRONIC LOCATION AND ACCESS |
| Materials specified |
Cover image |
| Uniform Resource Identifier |
<a href="http://catalogimages.wiley.com/images/db/jimages/9780470065518.jpg">http://catalogimages.wiley.com/images/db/jimages/9780470065518.jpg</a> |
| 906 ## - LOCAL DATA ELEMENT F, LDF (RLIN) |
| a |
7 |
| b |
cbc |
| c |
orignew |
| d |
1 |
| e |
ecip |
| f |
20 |
| g |
y-gencatlg |
| 942 ## - ADDED ENTRY ELEMENTS (KOHA) |
| Source of classification or shelving scheme |
|
| Koha item type |
Book |